| 000 | 01124nam a2200253 a 4500 | ||
|---|---|---|---|
| 001 | 81175 | ||
| 003 | BD-RjUL | ||
| 005 | 20230206110136.0 | ||
| 008 | 051201s1952 le a | |000|| ara|| | ||
| 035 | _a(BD-RjUL)81175 | ||
| 040 |
_aTAU _beng _cBD-RjUL |
||
| 041 | 0 | _aara | |
| 082 |
_223 _a181.07 _bFAA 1952 |
||
| 090 | _a297.2 | ||
| 100 | 1 |
_aفروخ، عمر ،Farroukh, Omar, _d1906-1987 _96686 |
|
| 245 | 1 | 0 |
_aأثر الفلسفة الاسلامية في الفلسفة الاوروبية /'athar alfalsafat aliaslamiat fi alfalsafat alawrubiyat / _cOmar Farroukh تأليف عمر فروخ |
| 250 | _aSecond Edition الطبعة الثانية | ||
| 260 |
_aبيروت : _bمنشورات مكتبة منيمنة ،manshurat maktabat munayminatun, _c١٩٥٢ م. ١٣٧١ هج. |
||
| 300 |
_a٦١ ص. _c22 cm |
||
| 650 | 4 |
_aPhilosophy, Arab _96624 |
|
| 830 | 0 | _aدراسات قصيرة في الادب والتاريخ والفلسفة | |
| 942 |
_2ddc _cBK |
||
| 999 |
_c81175 _d81175 |
||